| 000 | 00393nam a2200121Ia 4500 | ||
|---|---|---|---|
| 008 | 240731s9999 xx 000 0 und d | ||
| 022 | _a1440-0952 | ||
| 245 | 0 | _aAustralian Journal of Earth Sciences : An International Geoscience Journal of the Geological Society of Australia | |
| 260 | _bTaylor & Francis | ||
| 856 | _uhttps://www.tandfonline.com/loi/taje20 | ||
| 942 | _2ddc | ||
| 942 | _cTFEJ | ||
| 999 |
_c75529 _d75529 |
||
| 945 |
_a1 _bMadushi Gamage _c1 _dMadushi Gamage |
||